000 00578nam a2200181Ia 4500
003 GCL
008 140319s9999 xx 000 0 ara d
040 _aGCL /
_cGCL
082 0 4 _aم
_b010.28
_bم ف
100 1 _aالمكتبة التجارية
245 1 0 _aفهرس المخطوطات فى المكتبة الاحمدية /
_cالمكتبة التجارية
300 _a112 ص
650 0 4 _aالمخطوطات العربية
650 0 4 _aالمخطوطات
650 0 4 _aالفهارس
650 0 4 _aمخطوطات المكتبة الاحمدية
942 _2ddc
_cREF
999 _c59704
_d59704